000 01022nam a2200253 a 4500
001 000391251
003 AM-YEHGA
005 20250617132302.0
008 041203s1978 ru a||||r|||||||||0|rus|d
040 _aAM-YeHGA
041 0 _arus
100 1 _aБобров, Владимир Антонович
245 1 0 _aФРГ :
_bШтрихи к портрету /
_cВ.А. Бобров ; Предисл. А. Григорьева.
260 _aМосква :
_bМысль,
_c1978.
300 _a189 с. :
_b8 л. ил. ;
_c22 см.
440 0 _aПутешествия. Приключения. Поиск
650 1 4 _aСтрановедение
650 1 4 _aЕвропа
650 1 4 _aПолитическая, экономическая и культурная жизнь отдельных стран и местностей
653 0 _aФедеративная Республика Германии
700 1 _aГригорьев, А.
_eавт. предисл.
_4aui
942 _2udc
_cBK
090 _c149884
999 _c148496
_d148496